Formacion ética y ciudadana 7 /
Guardado en:
| Autor Principal: | |
|---|---|
| Otros Autores: | , , , |
| Formato: | Libro |
| Publicado: |
Buenos Aires :
Santillana,
1998
|
| Series: | Santillana Egb
|
| Materias: | |
| Etiquetas: |
Agregar Etiqueta
Sin Etiquetas, Sea el primero en etiquetar este registro!
|
| LEADER | 01343nam a22003135a 4500 | ||
|---|---|---|---|
| 001 | CEM.cems010222 | ||
| 005 | 20080228102112.0 | ||
| 008 | 130507s1998##################000#0#####d | ||
| 003 | CEMS | ||
| 082 | 0 | 4 | |a Z320 |
| 100 | 1 | |a Casullo, Alicia B. | |
| 245 | 1 | 0 | |a Formacion ética y ciudadana 7 / |c Alicia B. Casullo ... [et Al.] |
| 260 | |a Buenos Aires : |b Santillana, |c 1998 | ||
| 300 | |a 176 p. | ||
| 490 | 0 | |a Santillana Egb | |
| 500 | |a Para 7°año Egb | ||
| 505 | 0 | |a Personas, instituciones, sociedad : Las personas y sus sentimientos -- Las relaciones familiares -- Los grupos y la organización grupal -- La escuela y el aprendizaje -- El estado y la política : Democracia y autoritarismo -- Qué es una constitución? -- El Poder Legislativo -- El Poder Judicial -- Problemas de todos: El trabajo, una necesidad y un derecho -- La salud, entre la familia y el estado -- Nosotros y la cultura -- Los derechos de los chicos | |
| 653 | |a Formación ética y ciudadana | ||
| 653 | |a Formación ética y ciudadana-7°egb | ||
| 653 | |a Derechos | ||
| 653 | |a Estado | ||
| 653 | |a Personas | ||
| 653 | |a Trabajo | ||
| 653 | |a Salud | ||
| 700 | 1 | |a Rubinich, Lucas | |
| 700 | 1 | |a Alegre, Marcelo | |
| 700 | 1 | |a Pastorino, Gabriela L.c. | |
| 700 | 1 | |a Podetti, Mariana | |
| 859 | |a CEMS |b BIB. CEMS - 11 de abril |h Z320 |i C279-3 |p 20746.00 |t Ej.1 |v 7º |3 7º | ||
